[Event "XIII. Solinger Karnevalsopen"]
[Site "Solingen"]
[Date "2024.02.11"]
[Round "4.19"]
[White "Marcziter, Alex"]
[Black "Alugili, Yosef"]
[Result "1-0"]
[WhiteElo "1864"]
[BlackElo "1490"]
[PlyCount "59"]
[EventDate "2024.??.??"]
[WhiteTeam "SG Porz e. V."]
[BlackTeam "Duesseldorfer SK 14/25 e."]

1. e4 c5 2. Nc3 e6 3. g3 d5 4. Bg2 Ne7 5. d3 Nbc6 6. f4 d4 7. Nce2 Ng6 8. Nf3 Be7 9. O-O O-O 10. c3 a5 11. a3 b6 12. Qa4 Bb7 13. cxd4 Nxd4 14. Nexd4 cxd4 15. f5 exf5 16. exf5 Nh8 17. Kh1 Qd5 18. Ne1 b5 19. Qd1 Qd7 20. Qg4 Bxg2+ 21. Nxg2 Ng6 22. Qe4 Nh8 23. Nf4 Rfe8 24. Nh5 Rac8 25. Qg4 g6 26. Re1 Qb7+ 27. Kg1 Qc6 28. Bh6 Bd8 29. Rxe8+ Qxe8 30. fxg6 1-0

[Event "XIII. Solinger Karnevalsopen"]
[Site "Solingen"]
[Date "2024.02.11"]
[Round "4.20"]
[White "Linke, Marius"]
[Black "Kuhn, Andreas"]
[Result "1/2-1/2"]
[WhiteElo "1703"]
[BlackElo "1833"]
[PlyCount "38"]
[EventDate "2024.??.??"]
[WhiteTeam "SG Solingen e. V."]
[BlackTeam "SG Niederkassel"]

1. d4 Nf6 2. Nf3 e6 3. c4 d5 4. g3 dxc4 5. Qa4+ Bd7 6. Qxc4 c5 7. Nc3 cxd4 8. Nxd4 Nc6 9. Bg2 Rc8 10. Nxc6 Bxc6 11. Bxc6+ Rxc6 12. Qb3 Qc8 13. O-O a6 14. Bg5 Be7 15. Rad1 h6 16. Bxf6 Bxf6 17. Ne4 Be7 18. Rd3 O-O 19. Rfd1 b5 1/2-1/2

[Event "XIII. Solinger Karnevalsopen"]
[Site "Solingen"]
[Date "2024.02.11"]
[Round "4.21"]
[White "Broncel, Kevin"]
[Black "Stark, Sven"]
[Result "1/2-1/2"]
[WhiteElo "1667"]
[BlackElo "1788"]
[PlyCount "91"]
[EventDate "2024.??.??"]
[WhiteTeam "SC Neckarsulm e.V."]
[BlackTeam "SC Neckarsulm e.V."]

1. e4 e5 2. Nf3 Nc6 3. Bb5 a6 4. Ba4 b5 5. Bb3 Be7 6. O-O Nf6 7. d3 d6 8. c3 O-O 9. Re1 h6 10. Nbd2 Bb7 11. Nf1 Na5 12. Bc2 c5 13. d4 cxd4 14. cxd4 Nc6 15. Ng3 Nh7 16. d5 Na5 17. Nf5 Bf6 18. Bd3 Bc8 19. Ng3 Bd7 20. b3 b4 21. Be3 Nb7 22. Rc1 a5 23. Qd2 Rc8 24. Ba6 Rxc1 25. Rxc1 Qb8 26. Bb6 Nc5 27. Bxc5 dxc5 28. Qe3 Qd6 29. Bc4 Ra8 30. Bd3 Be7 31. Nf1 a4 32. N1d2 axb3 33. axb3 f6 34. Qe1 Qb8 35. Ra1 Ra3 36. Rxa3 bxa3 37. Qa1 Qb4 38. Qa2 Qc3 39. Bc4 Qc1+ 40. Bf1 Bg4 41. h3 Bxf3 42. Nxf3 Ng5 43. Nxg5 hxg5 44. b4 c4 45. Qxc4 Qxc4 46. Bxc4 1/2-1/2

[Event "XIII. Solinger Karnevalsopen"]
[Site "Solingen"]
[Date "2024.02.11"]
[Round "4.22"]
[White "Atar, Efecan"]
[Black "Erkay, Necip Ali"]
[Result "1-0"]
[WhiteElo "1597"]
[BlackElo "1874"]
[PlyCount "73"]
[EventDate "2024.??.??"]
[WhiteTeam "SG Solingen e. V."]
[BlackTeam "SG Solingen e. V."]

1. c4 Nf6 2. g3 e6 3. Bg2 d5 4. Nf3 Be7 5. d4 O-O 6. O-O Nbd7 7. Nc3 c6 8. Qc2 b6 9. e4 dxe4 10. Nxe4 Bb7 11. Rd1 Qc8 12. Nc3 Rd8 13. Bf4 Nf8 14. Ne2 c5 15. Rac1 cxd4 16. Nexd4 Ng6 17. Be3 Ng4 18. Bd2 Bc5 19. Be1 N4e5 20. Qe2 Bxd4 21. Nxd4 Bxg2 22. Kxg2 Qb7+ 23. f3 Rac8 {(=)} 24. Nb5 Qa8 25. b3 a6 26. Nd6 Rc7 27. Bf2 Rcd7 28. Ne4 Qb7 29. c5 Rxd1 30. Rxd1 Rxd1 31. Qxd1 bxc5 32. Qd8+ Nf8 33. Bxc5 Neg6 34. b4 Qd7 35. Qa8 Qd3 36. Nf2 h5 37. Nxd3 1-0

[Event "XIII. Solinger Karnevalsopen"]
[Site "Solingen"]
[Date "2024.02.11"]
[Round "4.23"]
[White "Becker, Carsten"]
[Black "Lohmueller, Mario"]
[Result "0-1"]
[WhiteElo "1835"]
[BlackElo "1610"]
[PlyCount "72"]
[EventDate "2024.??.??"]
[WhiteTeam "SG Solingen e. V."]
[BlackTeam "SC Neckarsulm e.V."]

1. e4 e5 2. Nf3 Nc6 3. Bc4 Bc5 4. d3 d6 5. c3 a6 6. b4 Ba7 7. a4 Nf6 8. h3 Ne7 9. Qe2 O-O 10. O-O b5 11. Bb3 Bb7 12. Be3 Bxe3 13. Qxe3 Ng6 14. g3 Qd7 15. Kg2 Nh5 16. Qg5 Nhf4+ 17. gxf4 Nxf4+ 18. Kh1 Qxh3+ 19. Nh2 Qxd3 20. f3 h6 21. Qg1 bxa4 22. Rd1 Qb5 23. Bxa4 Qc4 24. Qe3 Kh8 25. Nd2 Qe6 26. Qf2 f5 27. Bc2 fxe4 28. Nxe4 Rf5 29. Ng3 {(=)} Rf7 30. Ne4 Raf8 31. Ra3 Rf5 32. Qa7 Rh5 33. Qf2 Rh3 34. Kg1 Qg6+ 35. Kf1 Qh5 36. c4 Rxh2 0-1

[Event "XIII. Solinger Karnevalsopen"]
[Site "Solingen"]
[Date "2024.02.11"]
[Round "4.24"]
[White "Rewerts, Ingo"]
[Black "Liehs, Karl"]
[Result "1-0"]
[WhiteElo "1798"]
[BlackElo "1483"]
[PlyCount "25"]
[EventDate "2024.??.??"]
[WhiteTeam "SV Horrem 1948"]
[BlackTeam "SV 1925 Huerth-Berrenra"]

1. d4 Nf6 2. Nf3 c5 3. c3 b6 4. Bg5 Bb7 5. Bxf6 exf6 6. Nbd2 d5 7. Qc2 Bd6 8. e3 O-O 9. Bd3 h6 10. h4 Ba6 11. g4 Bxd3 12. Qxd3 g5 13. hxg5 1-0

[Event "XIII. Solinger Karnevalsopen"]
[Site "Solingen"]
[Date "2024.02.11"]
[Round "4.25"]
[White "Fetahovic, Dzenan"]
[Black "Hafez, Oualid"]
[Result "1/2-1/2"]
[WhiteElo "1758"]
[BlackElo "1168"]
[PlyCount "47"]
[EventDate "2024.??.??"]
[WhiteTeam "SG Solingen e. V."]
[BlackTeam "Duesseldorfer SK 14/25 e."]

1. e4 e5 2. Nf3 Nc6 3. d4 exd4 4. Bc4 Bb4+ 5. c3 dxc3 6. O-O d6 7. a3 Ba5 8. b4 Bb6 9. e5 Nxe5 10. Nxe5 dxe5 11. Bxf7+ Ke7 12. Bg5+ Nf6 13. Qxd8+ Rxd8 14. Bb3 h6 15. Bh4 Bf5 16. Nxc3 g5 17. Bg3 e4 18. Na4 a6 19. Nxb6 cxb6 20. Rfe1 Rd3 21. Bd1 Kf7 22. Be2 Rd7 23. Rac1 h5 24. Be5 1/2-1/2

[Event "XIII. Solinger Karnevalsopen"]
[Site "Solingen"]
[Date "2024.02.11"]
[Round "4.26"]
[White "Hapka, Luca"]
[Black "Bock, Juergen"]
[Result "0-1"]
[WhiteElo "1620"]
[BlackElo "1700"]
[PlyCount "76"]
[EventDate "2024.??.??"]
[WhiteTeam "SC Bayer Leverkusen e. V"]
[BlackTeam "SC Duesseldorf Garath 197"]

1. e4 e6 2. d4 d5 3. exd5 exd5 4. c4 Bb4+ 5. Nc3 Ne7 6. Nf3 O-O 7. cxd5 Nxd5 8. Bd2 Re8+ 9. Be2 Bg4 10. O-O Nc6 11. Nxd5 Qxd5 12. Bc3 Rad8 13. Re1 Re6 14. Bxb4 Nxb4 15. Ne5 Bxe2 16. Qxe2 f6 17. Qd2 Qxd4 18. Qxd4 Rxd4 19. Nf3 Rxe1+ 20. Rxe1 Rc4 21. b3 Rc2 22. a4 Nd3 23. Rb1 Rc1+ 24. Rxc1 Nxc1 25. Nd2 Kf7 26. f3 Ke6 27. Kf2 Kd5 28. Ke1 Kd4 29. Kd1 Nd3 30. g4 Ke3 31. h3 Ne5 32. Kc2 Nxf3 33. Nc4+ Kf4 34. Na5 Kg3 35. Nxb7 Kxh3 36. Nd8 Kxg4 37. Ne6 h5 38. Nxc7 h4 0-1

[Event "XIII. Solinger Karnevalsopen"]
[Site "Solingen"]
[Date "2024.02.11"]
[Round "4.27"]
[White "Jovanovic, Lucas"]
[Black "White, William"]
[Result "1-0"]
[WhiteElo "1691"]
[BlackElo "1210"]
[PlyCount "117"]
[EventDate "2024.??.??"]
[WhiteTeam "Krefelder SK Turm 1851 e"]
[BlackTeam "SG Solingen e. V."]

1. c4 c5 2. g3 Nc6 3. Bg2 Nf6 4. Nc3 e6 5. e4 d6 6. Nge2 e5 7. d3 Bd7 8. Be3 Be7 9. O-O O-O 10. a3 a6 11. f4 Ng4 12. Bd2 exf4 13. Nxf4 Nf6 14. Ncd5 Nd4 15. Bc3 Nxd5 16. Nxd5 Bc6 17. Bxd4 cxd4 18. Nb4 Bd7 19. Nc2 Bg5 20. b4 Ba4 21. Qe2 Bxc2 22. Qxc2 Be3+ 23. Kh1 Rc8 24. a4 b5 25. axb5 axb5 26. Ra7 Qb6 27. Qa2 bxc4 28. Bh3 Rc7 29. Ra8 Qb7 30. Rxf8+ Kxf8 31. dxc4 Qxe4+ 32. Bg2 Qe8 33. b5 d3 34. Qa3 d2 35. Qxd6+ Qe7 36. Qxe7+ Rxe7 37. Bf3 Re6 38. Kg2 Ke7 39. Rd1 Rd6 40. Bd5 Rf6 41. Bf3 g5 42. g4 Rf4 43. c5 Rc4 44. c6 Kd6 45. b6 Rxc6 46. Bxc6 Kxc6 47. Kf3 Bf4 48. h4 Kxb6 49. h5 Kc5 50. Ke2 Kd4 51. Rb1 Kc3 52. Kd1 Kd3 53. Rb7 Ke3 54. Rxf7 Kf3 55. Rxh7 Kxg4 56. Rh8 Kf5 57. Rf8+ Ke6 58. h6 Be5 59. Re8+ 1-0

[Event "XIII. Solinger Karnevalsopen"]
[Site "Solingen"]
[Date "2024.02.11"]
[Round "4.28"]
[White "Fetahovic, Sarah"]
[Black "Tonev, Vasil"]
[Result "0-1"]
[WhiteElo "1607"]
[BlackElo "1672"]
[PlyCount "102"]
[EventDate "2024.??.??"]
[WhiteTeam "SG Solingen e. V."]
[BlackTeam "SV Horrem 1948"]

1. e4 c6 2. Nf3 d5 3. d3 dxe4 4. dxe4 Qxd1+ 5. Kxd1 Bg4 6. Be2 Nf6 7. Nbd2 e6 8. Ne1 Bc5 9. Nd3 Nbd7 10. f3 Bh5 11. Nxc5 Nxc5 12. a4 O-O-O 13. Ke1 Ne8 14. b4 Nd7 15. Nc4 e5 16. Be3 Kb8 17. Kf2 f6 18. Rhd1 Bf7 19. Rd2 b6 20. Rad1 Kc7 21. Nxb6 axb6 22. Bxb6+ Nxb6 23. Rxd8 Nd5 24. exd5 cxd5 25. Ra8 Kb7 26. Ra5 Nc7 27. Rc5 Rd8 28. a5 Rd6 29. Rc3 f5 30. Ra3 Be8 31. c4 d4 32. b5 e4 33. b6 Na6 34. fxe4 fxe4 35. Bg4 g6 36. Ke2 h5 37. Be6 d3+ 38. Ke3 Rxe6 39. Rf1 Nb4 40. Ra4 Nc2+ 41. Kd2 Bxa4 42. Rf7+ Kb8 43. c5 Bb5 44. Rf8+ Re8 45. Rxe8+ Bxe8 46. a6 Bb5 47. a7+ Kb7 48. c6+ Bxc6 49. a8=Q+ Kxa8 50. b7+ Kxb7 51. h4 Bb5 0-1

[Event "XIII. Solinger Karnevalsopen"]
[Site "Solingen"]
[Date "2024.02.11"]
[Round "4.30"]
[White "Pernizki, Max"]
[Black "Mercan, Emre Furkan"]
[Result "0-1"]
[WhiteElo "1495"]
[BlackElo "1658"]
[PlyCount "66"]
[EventDate "2024.??.??"]
[WhiteTeam "SG Solingen e. V."]
[BlackTeam "vereinslos"]

1. d4 Nf6 2. c4 e6 3. Nf3 Bb4+ 4. Bd2 a5 5. a3 Bxd2+ 6. Qxd2 d6 7. Nc3 Nbd7 8. e4 e5 9. d5 Nc5 10. Qc2 a4 11. Be2 Bg4 12. Nd2 Qd7 13. O-O O-O 14. Rab1 b6 15. f4 exf4 16. Rxf4 Rae8 17. Rbf1 Bxe2 18. Nxe2 Re5 19. Ng3 Rfe8 20. R1f3 b5 21. Re3 bxc4 22. Rc3 Nd3 23. Rf3 Ne1 24. Qd1 Nxf3+ 25. Qxf3 Rb8 26. Nxc4 Ree8 27. Qf4 Rb3 28. Rc2 Qg4 29. Qd2 Nxe4 30. Nxe4 Qxe4 31. Rc1 Rd3 32. Qa5 Qd4+ 33. Kf1 Qf4+ 0-1

[Event "XIII. Solinger Karnevalsopen"]
[Site "Solingen"]
[Date "2024.02.11"]
[Round "4.31"]
[White "Shivkumar, Shreyas"]
[Black "Lueersen, Jan"]
[Result "1/2-1/2"]
[WhiteElo "1481"]
[BlackElo "1648"]
[PlyCount "101"]
[EventDate "2024.??.??"]
[WhiteTeam "SG Solingen e. V."]
[BlackTeam "SF Essen-Katernberg 0"]

1. e4 c5 2. Nf3 e6 3. d4 cxd4 4. Nxd4 Nc6 5. Nxc6 bxc6 6. Nc3 d5 7. Be2 d4 8. Nb1 e5 9. O-O Nf6 10. Re1 Qc7 11. f4 c5 12. Bb5+ Bd7 13. Bxd7+ Nxd7 14. fxe5 Qxe5 15. Qf3 Bd6 16. g3 O-O 17. Bf4 Qe7 18. Nd2 Ne5 19. Bxe5 Bxe5 20. Nc4 Qe6 21. Nxe5 Qxe5 22. Qf4 Rae8 23. Qxe5 Rxe5 24. Re2 Rfe8 25. Rf1 Rxe4 26. Rxe4 Rxe4 27. Rf5 Kf8 28. Rxc5 Re2 29. Rc7 Ke8 30. h4 a5 31. Kf1 d3 32. cxd3 Rxb2 33. a4 {(=)} Rb4 34. Rc4 Rxc4 35. dxc4 Kd7 36. g4 Kd6 37. Ke2 Kc5 38. Kd3 f6 39. h5 g6 40. h6 f5 41. gxf5 gxf5 42. Ke3 {(=)} Kxc4 43. Kf4 Kb4 44. Kxf5 Kxa4 45. Kf6 Kb5 46. Kg7 a4 47. Kxh7 a3 48. Kg8 a2 49. h7 a1=Q 50. h8=Q Qa8+ 51. Kh7 1/2-1/2

[Event "XIII. Solinger Karnevalsopen"]
[Site "Solingen"]
[Date "2024.02.11"]
[Round "4.32"]
[White "Stammen, York Magnus"]
[Black "Kupke, Jonas"]
[Result "0-1"]
[WhiteElo "1381"]
[BlackElo "1569"]
[PlyCount "78"]
[EventDate "2024.??.??"]
[WhiteTeam "LSV Turm Lippstadt"]
[BlackTeam "Wiesbadener SV 1885"]

1. Nf3 Nf6 2. g3 g6 3. Bg2 d5 4. d4 Bg7 5. c4 c5 6. Nc3 cxd4 7. Nb5 O-O 8. Nbxd4 dxc4 9. Qa4 Qd5 10. Nc2 b5 11. Qa3 Nc6 12. O-O Bb7 13. Nfd4 Ne4 14. Nxc6 Qxc6 15. Qxe7 Rfe8 16. Qb4 a5 17. Qe1 c3 18. b3 Qd7 19. Qd1 Nd2 20. Bxb7 Qxb7 21. Bxd2 cxd2 22. Rb1 Bc3 23. e3 Qe4 24. Na3 Re5 25. Qe2 Qd5 26. Rbd1 Rd8 27. Nb1 b4 28. f4 Re6 29. Rf2 Red6 30. e4 {(=)} Qc6 31. Kf1 f5 32. Qc4+ Qxc4+ 33. bxc4 fxe4 34. Re2 Re6 35. Nxd2 e3 36. Kg2 Rxd2 37. Rde1 Rxa2 38. Rxa2 Bxe1 39. Re2 Bd2 0-1

[Event "XIII. Solinger Karnevalsopen"]
[Site "Solingen"]
[Date "2024.02.11"]
[Round "4.33"]
[White "Klaus, Daniel"]
[Black "Kramer, Lars"]
[Result "1-0"]
[WhiteElo "1383"]
[BlackElo "1504"]
[PlyCount "41"]
[EventDate "2024.??.??"]
[WhiteTeam "SF Essen-Katernberg 0"]
[BlackTeam "SF 1982 Oetzingen e.V."]

1. e4 c5 2. Nc3 d6 3. f4 Nc6 4. Nf3 e6 5. Bb5 Bd7 6. O-O Be7 7. d3 a6 8. Bxc6 Bxc6 9. f5 exf5 10. exf5 Nf6 11. Qe1 O-O 12. Qg3 Re8 13. Ng5 b5 14. Nge4 Nxe4 15. dxe4 b4 16. Bh6 Bf6 17. Bxg7 Bg5 18. f6 bxc3 19. Qxg5 Bxe4 20. Bh8+ Bg6 21. Qh6 1-0

[Event "XIII. Solinger Karnevalsopen"]
[Site "Solingen"]
[Date "2024.02.11"]
[Round "4.34"]
[White "Langensiepen, Burkhard"]
[Black "Kukowski, Holger"]
[Result "1/2-1/2"]
[WhiteElo "1507"]
[BlackElo "1373"]
[PlyCount "77"]
[EventDate "2024.??.??"]
[WhiteTeam "SF Vonkeln 1931"]
[BlackTeam "SC Listiger Bauer Essen-"]

1. c4 e5 2. Nc3 c6 3. e3 d5 4. cxd5 cxd5 5. d4 e4 6. f3 Nf6 7. fxe4 Nxe4 8. Nf3 a6 9. Bd3 Bb4 10. Qb3 Nc6 11. O-O Nxc3 12. bxc3 Bd6 13. c4 dxc4 14. Bxc4 O-O 15. Bd2 b5 16. Bd5 Bb7 17. Bxc6 Bxc6 18. Bb4 Bd5 19. Qa3 Bxb4 20. Qxb4 Bc4 21. Rf2 Re8 22. Ne5 Rc8 23. Rc1 Bd5 24. Qe1 f6 25. Nd3 Bxa2 26. Rxa2 Rxc1 27. Qxc1 Qb6 28. Nc5 a5 29. Qc3 b4 30. Qc4+ Kh8 31. Kf2 h6 32. Qa6 Qc7 33. g3 b3 34. Nxb3 Qc3 35. Re2 Qxb3 36. Qxa5 Qb1 37. Qe1 Qf5+ 38. Kg1 Qe4 39. Qf2 1/2-1/2

[Event "XIII. Solinger Karnevalsopen"]
[Site "Solingen"]
[Date "2024.02.11"]
[Round "4.35"]
[White "Fodor, Bernhard"]
[Black "Atar, Semih Akif"]
[Result "1-0"]
[WhiteElo "1287"]
[BlackElo "1396"]
[PlyCount "79"]
[EventDate "2024.??.??"]
[WhiteTeam "SG Solingen e. V."]
[BlackTeam "SK Turm Schiefbahn 1931"]

1. f4 d5 2. Nf3 c5 3. d3 Nf6 4. g3 Bf5 5. Nbd2 Nc6 6. Nh4 Qd7 7. Ndf3 h6 8. Bg2 Rg8 9. Ne5 Nxe5 10. fxe5 Ng4 11. O-O e6 12. Nxf5 exf5 13. d4 b6 14. c4 cxd4 15. Bxd5 Rd8 16. Qd3 g6 17. Bf4 Ne3 18. Bxe3 dxe3 19. a3 a5 20. Rad1 Bc5 21. Bc6 Ke7 22. Bxd7 Rxd7 23. Qb3 Rgd8 24. Rxd7+ Rxd7 25. Rd1 Rd2 26. Rxd2 exd2+ 27. Kg2 h5 28. Kf3 Kd7 29. Qd3+ Ke7 30. Qxd2 Ke6 31. Qd5+ Ke7 32. Kf4 Ke8 33. e3 Ke7 34. b4 axb4 35. axb4 Bxb4 36. Qb7+ Ke8 37. Qxb6 Be7 38. Qb8+ Kd7 39. h3 Ke6 40. Qc8# 1-0

[Event "XIII. Solinger Karnevalsopen"]
[Site "Solingen"]
[Date "2024.02.11"]
[Round "5.1"]
[White "Grabowski, Pawel"]
[Black "Korchynskyi, Mykola"]
[Result "1/2-1/2"]
[WhiteElo "2235"]
[BlackElo "2263"]
[PlyCount "126"]
[EventDate "2024.??.??"]
[WhiteTeam "Godesberger SK 1929 e. V"]
[BlackTeam "SF Essen-Katernberg 0"]

1. d4 d5 2. Nf3 Nf6 3. e3 e6 4. Bd3 c5 5. b3 Nc6 6. O-O cxd4 7. exd4 Bd6 8. Re1 O-O 9. Bb2 b6 10. Nbd2 Bb7 11. a3 Ne7 12. Ne5 Ng6 13. g3 Re8 14. f4 Rc8 15. h4 Nf8 16. Rc1 Qe7 17. Ra1 Rc7 18. Re3 Rec8 19. c3 Ne4 20. Nxe4 dxe4 21. Bxe4 Bxe4 22. Rxe4 Rxc3 23. Bxc3 Rxc3 24. Qe1 Rxb3 25. Re3 Rb5 26. Qc3 Rd5 27. Rc1 Qf6 28. Kh2 h6 29. a4 Bxe5 30. dxe5 Qd8 31. Qe1 Ng6 32. Kh3 Ne7 33. Rec3 Rd4 34. Rc4 Rxc4 35. Rxc4 Qd3 36. Rc3 Qd5 37. Qb1 g6 38. Rd3 Qc6 39. Qd1 h5 40. Kh2 Nd5 41. Kh3 Kg7 42. f5 a5 43. fxg6 fxg6 44. Qf3 Qxa4 45. Kh2 Qa2+ 46. Kh3 Qc4 47. Kh2 Qc2+ 48. Kh3 Qc4 49. Kh2 Qc6 50. Rd2 Qe8 51. Rf2 Qe7 52. Qb3 Qc7 53. Qf3 Qe7 54. Qb3 Qe8 55. Qf3 a4 56. g4 hxg4 57. Qxg4 Ne3 58. Qg5 Nf5 59. h5 Kh7 60. Rc2 Qf7 61. hxg6+ Qxg6 62. Rc7+ Ng7 63. Qxg6+ Kxg6 1/2-1/2

[Event "XIII. Solinger Karnevalsopen"]
[Site "Solingen"]
[Date "2024.02.11"]
[Round "5.2"]
[White "Michalczak, Thomas"]
[Black "Ngo, Quang Thai"]
[Result "0-1"]
[WhiteElo "2203"]
[BlackElo "2094"]
[PlyCount "148"]
[EventDate "2024.??.??"]
[WhiteTeam "SG Solingen e. V."]
[BlackTeam "Aachener SV 1856 e. V."]

1. e4 c5 2. Nf3 e6 3. d4 cxd4 4. Nxd4 Nf6 5. Nc3 Nc6 6. a3 d6 7. Be2 Be7 8. O-O O-O 9. Be3 Qc7 10. f4 Nxd4 11. Qxd4 b6 12. Rad1 Bb7 13. f5 Rac8 14. Rd2 d5 15. e5 Ne4 16. Nxe4 dxe4 17. fxe6 fxe6 18. Rxf8+ Bxf8 19. c4 Bc5 20. Qc3 Bxe3+ 21. Qxe3 Qxe5 22. Rd7 Bc6 23. Rd4 Rf8 24. b4 h6 25. h3 Qf6 26. Rd6 Bb7 27. Rd4 Rf7 28. a4 Kh7 29. Rd1 Qb2 30. Qd2 Qa3 31. Bh5 Rf5 32. Qd7 Rxh5 33. Qxb7 Qe3+ 34. Kh2 Rg5 35. Rg1 Qg3+ 36. Kh1 e3 37. Qe4+ Rg6 38. Rf1 h5 39. a5 bxa5 40. bxa5 a6 41. c5 Qg5 42. c6 Qxa5 43. Rc1 Qd2 44. Qc2 Qxc2 45. Rxc2 e5 46. Kg1 Rf6 47. c7 e2 48. Rc1 Rf8 49. Re1 Rc8 50. Rxe2 Rxc7 51. Rxe5 g6 52. g4 hxg4 53. hxg4 Ra7 54. Ra5 Kg7 55. Kg2 Kf6 56. Kg3 Kg7 57. Kh4 Kh6 58. Kg3 Ra8 59. Kh4 Kh7 60. Kg5 Kg7 61. Rc5 Ra7 62. Rc6 Kh7 63. Rc3 a5 64. Rh3+ Kg7 65. Rh6 Ra6 66. Rh3 a4 67. Ra3 Ra5+ 68. Kf4 Kf6 69. g5+ Ke6 70. Re3+ Kd6 71. Ra3 Kc5 72. Ra1 a3 73. Ke5 Ra6 74. Rc1+ Kb4 0-1

[Event "XIII. Solinger Karnevalsopen"]
[Site "Solingen"]
[Date "2024.02.11"]
[Round "5.3"]
[White "Diduh, Ihor"]
[Black "Marcziter, Dmitrii"]
[Result "1/2-1/2"]
[WhiteElo "2030"]
[BlackElo "2187"]
[PlyCount "108"]
[EventDate "2024.??.??"]
[WhiteTeam "Polizeisport-Verein Duisburg 192"]
[BlackTeam "SG Porz e. V."]

1. e4 c5 2. d4 cxd4 3. c3 dxc3 4. Nxc3 Nc6 5. Nf3 a6 6. Bc4 e6 7. O-O b5 8. Bb3 Na5 9. Bc2 Bb7 10. Qe2 Ne7 11. Bf4 Ng6 12. Bg3 Be7 13. Rfd1 Rc8 14. Rac1 Nc4 15. Bd3 Nb6 16. e5 Nd5 17. Nxd5 Bxd5 18. b3 O-O 19. Be4 Bxe4 20. Qxe4 Qb6 21. h4 Rxc1 22. Rxc1 Rd8 23. h5 Nf8 24. Qc2 d5 25. exd6 Bxd6 26. Qc6 Qxc6 27. Rxc6 Bxg3 28. fxg3 Rd5 29. g4 a5 30. Kf2 f6 31. Ke3 Kf7 32. Ra6 b4 33. Nd4 g6 34. Ra7+ Nd7 35. Nc6 gxh5 36. gxh5 Rd6 37. Nxa5 e5 38. Rb7 Ke6 39. Rxb4 Ra6 40. Rb5 f5 41. a4 f4+ 42. Kf3 Rd6 43. Nc4 Rd3+ 44. Kf2 Rc3 45. a5 Rc2+ 46. Kf1 Ra2 47. b4 e4 48. Rg5 Ra4 49. Rb5 Ra1+ 50. Ke2 Ra2+ 51. Kf1 Ra1+ 52. Ke2 Ra2+ 53. Kf1 Ra1+ 54. Ke2 Ra2+ 1/2-1/2

[Event "XIII. Solinger Karnevalsopen"]
[Site "Solingen"]
[Date "2024.02.11"]
[Round "5.4"]
[White "Steinbach, Wolfgang"]
[Black "Volkov, Mykyta"]
[Result "1/2-1/2"]
[WhiteElo "1866"]
[BlackElo "2259"]
[PlyCount "88"]
[EventDate "2024.??.??"]
[WhiteTeam "SG Solingen e. V."]
[BlackTeam "Elberfelder SG"]

1. Nf3 d5 2. e3 Nf6 3. c4 e6 4. Nc3 c5 5. cxd5 exd5 6. d4 Nc6 7. Be2 Bd6 8. dxc5 Bxc5 9. O-O O-O 10. b3 Re8 11. Bb2 a6 12. Rc1 Ba7 13. h3 Be6 14. Qc2 Rc8 15. Qb1 h6 16. Rfd1 Qd7 17. Bf1 Bf5 18. Bd3 Bxh3 19. gxh3 Qxh3 20. Bf1 Qxf3 21. Bg2 Qg4 22. Nxd5 Nxd5 23. Rxd5 Ne7 24. Rxc8 Rxc8 25. Qd1 Qg6 26. Rd8+ Kh7 27. Rxc8 Nxc8 28. Be5 Ne7 29. Kh1 Nf5 30. Bxb7 Nh4 31. Bg3 Nf5 32. Bf4 Nh4 33. Bg3 Nf5 34. Bf4 Bc5 35. Qf3 Nh4 36. Qg3 Qh5 37. Kg1 g5 38. Bb8 Qd1+ 39. Kh2 Qd7 40. Bxa6 Qd5 41. Be2 Qd2 42. Bh5 Qd5 43. Be2 Qd2 44. Bh5 Qd5 1/2-1/2

[Event "XIII. Solinger Karnevalsopen"]
[Site "Solingen"]
[Date "2024.02.11"]
[Round "5.5"]
[White "Villwock, Martin"]
[Black "Rabiya, Karim"]
[Result "1-0"]
[WhiteElo "2096"]
[BlackElo "1715"]
[PlyCount "75"]
[EventDate "2024.??.??"]
[WhiteTeam "SF Essen-Katernberg 0"]
[BlackTeam "SK Niederbrechen 1948"]

1. e4 Nf6 2. Nc3 e5 3. Bc4 Nxe4 4. Qh5 Nd6 5. Qxe5+ Qe7 6. Qxe7+ Bxe7 7. Bb3 b6 8. Nd5 Bd8 9. Ne2 Nc6 10. c3 Na5 11. Bc2 Bb7 12. Ne3 Nac4 13. O-O h5 14. d3 Ne5 15. d4 Nec4 16. Re1 Nxe3 17. Bxe3 Bf6 18. Bf4 O-O-O 19. a4 Ne4 20. f3 Ng5 21. Kf2 Rde8 22. Bb3 Re7 23. d5 d6 24. a5 Kb8 25. axb6 axb6 26. Bc4 Bc8 27. Bb5 Bd7 28. Bxd7 Rxd7 29. Bxg5 Bxg5 30. Nd4 Kb7 31. Nc6 Ra8 32. Rxa8 Kxa8 33. Ra1+ Kb7 34. Ra7+ Kc8 35. b4 b5 36. Ra8+ Kb7 37. Rb8+ Ka6 38. c4 1-0

[Event "XIII. Solinger Karnevalsopen"]
[Site "Solingen"]
[Date "2024.02.11"]
[Round "5.6"]
[White "Maenken, Merlin"]
[Black "Kovalyov, Dima"]
[Result "1/2-1/2"]
[WhiteElo "1989"]
[BlackElo "1602"]
[PlyCount "93"]
[EventDate "2024.??.??"]
[WhiteTeam "Elberfelder SG"]
[BlackTeam "SG Solingen e. V."]

1. d4 d5 2. c4 c6 3. Nc3 Nf6 4. e3 e6 5. Nf3 Bd6 6. Bd3 O-O 7. O-O Nbd7 8. Qe2 dxc4 9. Bxc4 e5 10. h3 exd4 11. exd4 Nb6 12. Bb3 Bf5 13. Ne5 Bxe5 14. Qxe5 Qd7 15. Be3 Nbd5 16. Nxd5 Nxd5 17. Bxd5 Qxd5 18. Qxd5 cxd5 {(=)} 19. Rac1 Rac8 20. Rc5 Be6 21. Rfc1 b6 22. Rc7 Rxc7 23. Rxc7 Ra8 24. Bf4 Kf8 25. Be5 a6 26. g4 h5 27. f3 hxg4 28. fxg4 Rc8 29. Kf2 Rxc7 30. Bxc7 b5 31. Ke3 Ke7 {(=)} 32. Kf4 f6 33. h4 Kf7 34. Bd6 Bd7 35. h5 Be6 36. g5 fxg5+ 37. Kxg5 Bd7 38. Be5 Be6 39. Kf4 Bd7 40. Bb8 Kf6 41. Bc7 Be8 42. Bd8+ Ke6 43. Kg5 Bd7 44. Bc7 Kf7 45. Bd8 Ke6 46. Bc7 Kf7 47. Bd8 1/2-1/2

[Event "XIII. Solinger Karnevalsopen"]
[Site "Solingen"]
[Date "2024.02.11"]
[Round "5.7"]
[White "Balster, Semjon"]
[Black "Kliashtornyi, Arkadii"]
[Result "1/2-1/2"]
[WhiteElo "1863"]
[BlackElo "1978"]
[PlyCount "92"]
[EventDate "2024.??.??"]
[WhiteTeam "DJK Eintracht Coesfeld e. V."]
[BlackTeam "SF Moers e. V."]

1. d4 d5 2. c4 e6 3. Nc3 Nf6 4. Nf3 c6 5. Bg5 Nbd7 6. e3 Be7 7. Bd3 dxc4 8. Bxc4 b5 9. Bd3 Bb7 10. O-O a6 11. Bxf6 Nxf6 12. Rc1 O-O 13. Ne4 Nxe4 14. Bxe4 Rc8 15. Ne5 Qd6 16. Qf3 Rc7 17. Bxc6 f6 18. Bxb7 fxe5 19. Qe4 Rxc1 20. Rxc1 exd4 21. Qxd4 Qxd4 22. exd4 Bf6 23. Rc8 Bxd4 24. Rxf8+ Kxf8 25. Bxa6 b4 26. a3 bxa3 27. bxa3 Ke7 28. Kf1 Kd6 29. a4 Bb6 30. Ke2 Ke5 31. Bc8 Kd5 32. f3 g5 33. g4 Kd4 34. Bxe6 Bc7 35. h3 h6 36. Bf5 Ba5 37. Be4 Bc7 38. Kd2 Ba5+ 39. Kc2 Be1 40. Kd1 Ba5 41. Ke2 Bc7 42. Kf2 Kc3 43. Bc6 Kd2 44. h4 Bb6+ 45. Kg2 Ke3 46. Kf1 Ba5 1/2-1/2

[Event "XIII. Solinger Karnevalsopen"]
[Site "Solingen"]
[Date "2024.02.11"]
[Round "5.8"]
[White "Shivkumar, Siddharth"]
[Black "Krueger, Andre"]
[Result "1/2-1/2"]
[WhiteElo "1845"]
[BlackElo "1961"]
[PlyCount "65"]
[EventDate "2024.??.??"]
[WhiteTeam "SG Solingen e. V."]
[BlackTeam "Oberhausener SV 1887 e"]

1. e4 c5 2. c3 Nf6 3. e5 Nd5 4. d4 cxd4 5. Nf3 Nc6 6. Bc4 Nb6 7. Bb3 d6 8. exd6 Qxd6 9. cxd4 Be6 10. O-O Bxb3 11. Qxb3 e6 12. Nc3 Qb4 13. Nb5 Qxb3 14. axb3 Nd5 15. Ne5 Nxe5 16. dxe5 Bc5 17. b4 Bxb4 18. Rxa7 Rxa7 19. Nxa7 Kd7 20. Rd1 Kc7 21. Nb5+ Kb6 22. Nd4 Rc8 23. Kf1 {(=)} Bc5 24. Nf3 h6 25. Bd2 Kb5 26. Ke2 Bb6 27. Ne1 Ba5 28. Bxa5 Kxa5 29. Rd4 b5 30. Kd2 Rc4 31. Rd3 Re4 32. Ra3+ Ra4 33. Rf3 1/2-1/2